IPD still has confidence (Record no. 71690)

MARC details
000 -LEADER
fixed length control field 00956cam a2200205 4500
001 - CONTROL NUMBER
control field WB3845-09
008 - FIXED-LENGTH DATA ELEMENTS--GENERAL INFORMATION
fixed length control field 021203n2002 000 0 eng u
035 ## - SYSTEM CONTROL NUMBER
System control number (Sirsi) u120641
245 ## - TITLE STATEMENT
Title IPD still has confidence
260 ## - PUBLICATION, DISTRIBUTION, ETC.
Date of publication, distribution, etc. 2002
490 ## - SERIES STATEMENT
Series statement Estates Gazette
Volume/sequential designation (0248) 30 November 2002, 42(1)
520 ## - SUMMARY, ETC.
Summary, etc. A survey sponsored by PricewaterhouseCoopers reveals that 69% of investors are satisfied using the Investment Property Databank (IPD) indices as the industry performance benchmark. However, some investors felt that more options would be useful such as benchmarking against gilt returns. Full report available from PricewaterhouseCoopers, e [email protected] www.pwcglobal.com
590 ## - LOCAL NOTE (RLIN)
Local note WB
650 ## - SUBJECT ADDED ENTRY--TOPICAL TERM
Topical term or geographic name entry element IPD INDEX
650 ## - SUBJECT ADDED ENTRY--TOPICAL TERM
Topical term or geographic name entry element INVESTORS
650 ## - SUBJECT ADDED ENTRY--TOPICAL TERM
Topical term or geographic name entry element INVESTMENT PROPERTY DATABANK
650 ## - SUBJECT ADDED ENTRY--TOPICAL TERM
Topical term or geographic name entry element PRICE WATERHOUSE COOPERS
690 ## - LOCAL SUBJECT ADDED ENTRY--TOPICAL TERM (OCLC, RLIN)
Topical term or geographic name as entry element PROPERTY-COMMERCIAL PROPERTY-COMMERCIAL PROPERTY FINANCE AND INVESTMENT
942 ## - ADDED ENTRY ELEMENTS (KOHA)
Suppress in OPAC 0
Holdings
Withdrawn status Lost status Source of classification or shelving scheme Damaged status Not for loan Home library Current library Shelving location Date acquired Total Checkouts Full call number Barcode Date last seen Copy number Price effective from Koha item type
    Dewey Decimal Classification     London London News article 03/12/2002   WB3845-09 120641-1001 06/08/2019 1 06/08/2019 News article